Detalles MARC
| 000 -LÍDER |
| Campo fijo de descripción fija |
01249aam a2200313 i 4500 |
| 001 - NÚMERO DE CONTROL |
| Campo de control |
18322 |
| 003 - IDENTIFICADOR DEL NÚMERO DE CONTROL |
| Campo de control |
CO-MdBIC |
| 005 - FECHA Y HORA DE LA ULTIMA TRANSACCIÓN |
| control field |
20190528153754.0 |
| 008 - ELEMENTOS DE LONGITUD FIJA -- INFORMACIÓN GENERAL |
| Campo fijo de descripción fija -- Información general |
190516t1973 sp |||| |||| 00| 0 spa d |
| 020 ## - NÚMERO INTERNACIONAL NORMALIZADO PARA LIBROS |
| Número Internacional Normalizado del libro |
8430058419 |
| 040 ## - FUENTE DE CATALOGACIÓN |
| Agencia de catalogación original |
CO-MdFUSB |
| Idioma de catalogación |
spa |
| Agencia que realiza la transcripción |
CO-MdFUSB |
| Agencia que realiza la modificación |
CO-MdFUSBC |
| Convenciones de la descripción |
rda |
| 041 ## - CÓDIGO DE IDIOMA |
| Código de idioma para texto/pista de sonido o título separado |
spa |
| 082 ## - NÚMERO DE CLASIFICACIÓN DECIMAL DEWEY |
| Número de la edición del Dewey |
27 |
| Número de clasificación |
270.6 |
| Clave de autor-Numero de item |
Z98zu |
| 100 ## - ASIENTO PRINCIPAL--NOMBRE PERSONAL |
| Nombre personal |
Zwingli, Ulrich, |
| Término relacionador |
autor |
| 245 10 - TÍTULO |
| Título del Material |
Zuinglio |
| Mención de responsabilidad, etc. |
/ Ulrich Zwingli ; presentacion y seleccion Dr. M. Gutierrez Marín. |
| 264 #1 - PRODUCCIÓN, PUBLICACIÓN, DISTRIBUCIÓN, MANUFACTURA, Y COPYRIGHT |
| Lugar de producción, publicación, distribución, manufactura |
España : |
| Nombre del productor, publicador, distribuidor |
Producciones Editoriales del Nordeste, |
| Fecha de producción, publicación, distribución, manufactura, o copyright |
[1973] |
| 264 #4 - PRODUCCIÓN, PUBLICACIÓN, DISTRIBUCIÓN, MANUFACTURA, Y COPYRIGHT |
| Fecha de producción, publicación, distribución, manufactura, o copyright |
© 1973 |
| 300 ## - DESCRIPCIÓN FÍSICA |
| Extensión |
255 páginas |
| Dimensiones |
; 19 cm |
| 336 ## - TIPO DE CONTENIDO |
| Término de tipo de contenido |
texto |
| Código de tipo de contenido |
txt |
| Fuente |
rdacontent |
| 337 ## - TIPO DE MEDIO |
| Fuente |
rdamedia |
| Nombre del tipo de medio |
sin mediación |
| Código del tipo de medio |
n |
| 338 ## - TIPO DE SOPORTE |
| Fuente |
rdacarrier |
| Nombre del tipo de soporte |
volumen |
| Código Tipo de soporte |
nc |
| 490 ## - MENCIÓN DE SERIE |
| Mención de serie |
Antología |
| 504 ## - NOTA DE BIBLIOGRAFÍA, ETC. |
| Nota de bibliografía, etc |
Incluye bibliografía (páginas 253-255) |
| 505 0# - NOTA DE CONTENIDO |
| Nota de contenido con formato preestablecido |
Las 67 conclusiones y su explicación. -- Súplica al obispo de Constanza. -- Amonestación del obispo de Constanza y respuesta de Zuinglio. -- Sermones. -- Música y liturgia. -- Breve introducción cristiana. -- Comentario sobre la verdadera y la falsa religión. -- El coloquio de Marburgo. -- Consejos de reyes. |
| 563 ## - NOTA DE ENCUADERNACIÓN |
| Nota de encuadernación |
Rústico |
| 650 #7 - ASIENTO SECUNDARIO DE MATERIA - TERMINO TEMÁTICO |
| 9 (RLIN) |
221 |
| Término temático o nombre geográfico como elemento de entrada |
Reforma |
| Subdivisión cronológica |
1484-1531 |
| Subdivisión de forma |
Antología. |
| 942 ## - TIPO DE MATERIAL (KOHA) |
| Tipo de Item KOHA |
Libros General |
| 945 ## - INFORMACIÓN LOCAL DEL REGISTRO |
| Catalogador |
JTF-925 |